000 00820nam a2200337Ia 4500
005 20260514124434.0
008 008 261405s9999 xx 000 0 eng d
037 _aThesis
040 _aCRL
040 _beng
040 _cCRL
041 _2eng
041 _aeng
084 _qCRL
100 _aDr.Anbarasan S.
_91240034
245 0 _aLevel of Health Literacy Among Type-2 Diabetic Persons and its Relation to Glycemic Control.
260 _aDelhi
260 _bUniversity of Delhi
260 _c2016
300 _a82p.
502 _bPh.D.
502 _cUniversity of Delhi
502 _d2016
541 _oThesis
650 _aMedicine
700 _aDr.Anil Gurtoo
_91240035
700 _aDr.Ritu Singh
_91239409
710 _aMedicine
942 _cTH
999 _c1851894
_d1851894